000 00862nam a2200241Ia 4500
003 OSt
005 20220918110713.0
006 a|||||r|||| 00| 0
007 ta
008 220915b |||||||| |||| 00| 0 hin d
024 _a205629
037 _cReference Collections
040 _aARTS
_cARTS
_bhin
041 _2hin
_ahin
082 _aP1518:4k, 152M7.12(RR)
100 _aनरेश कुमार
245 0 _aअपभ्रंश हिन्दी कोेश
246 _aApabhransha hindī koesha
260 _aगाजियाबाद
_bइण्डों विजन प्रा0 लिमि0 भारत
_c1987
650 _aहिन्दी मुहावरा कोश
_99099
942 _hP1518:4k, 152M7.12(RR)
_cREF
999 _c114161
_d114161